Mots qui contiennent un Pays - Statistiques

Statistiques générales
  • Ce quiz a été pris 725 fois
  • Le résultat moyen est 12 sur 15
Statistiques - réponses
Définitions Réponses % Correct
Ornement de décoration que l'on enroule autour du sapin de Noël Gu{irlande}
95%
Polygone à huit côtés Oc{togo}ne
95%
Qui accueille volontiers ses hôtes (voyageurs, pèlerins, malades…) Hosp{italie}r
94%
Poisson carnivore très vorace vivant dans les eaux douces d'Amérique du Sud P{iran}ha
94%
État dans lequel est plongé un être qui subit une douleur physique et/ou morale Souf{france}
92%
Peut être "À laver", "À café" ou "À coudre" Ma{chine}
90%
Genre littéraire (de type "policier", "d'aventures"…), désignant un récit fictif écrit en prose R{oman}
88%
Errer / Se déplacer sans but Va{gabon}der
88%
Qui n'est, en aucune façon, lié à quelqu'un ou quelque chose {Inde}pendant
87%
Membre d'un mouvement islamiste fondé en Afghanistan dans les années 1990 Ta{liban}
83%
Muni de réservoirs d'eau, cet avion est destiné à lutter contre les feux de forêt {Canada}ir
78%
Similaire à une couveuse, cet appareil médical — destiné aux nouveau-nés — permet de reproduire les conditions de développement fœtal In{cuba}teur
76%
Se dit d'une maladie grave, généralement fatale (par opposition à "bénigne") {Mali}gne
70%
Action de verser une somme d'argent qui est due Pa{yemen}t
50%
Qui vient de l'ancien État historique, en partie germanisé, situé dans le nord-est de l'Europe centrale P{russie}n
47%
Aucun quiz correspondant
Distribution des résultats
% des personnes avec chaque résultat
Percentile par nombre de réponses
Votre historique - résultats
Vous n’avez pas pris ce quiz